00425nam a2200157Ia 4500003000400000008004100004040001600045082001300061100001600074245006700090260005100157300001000208650001200218650002100230650001600251GCL140319s9999 xx 000 0 eng d aGCL / cGCL04a429bL O1 aLASS, ROGER10aOLD ENGLISH: A HISTORICAL LINGUISTIC COMPANION / cLASS, ROGER a[S.N] : bCAMBRIDGE UNIVERSITY PRESS ، c1993 a300 P04aGRAMMAR04aENGLISH LANGUAGE04aOLD ENGLISH